000 00917nam a2200217 a 4500
001 BRCA_166
005 20190320202916.0
008 930917s1991 be-a---##b---s000-0#dut-#
020 _a9072191625
040 _aDLC
_cDLC
050 4 _aF1408.3
_b.A51 1991
245 1 0 _aAmérica
_bBride of the sun : 500 years Latin America and the Low Countries.
260 _aBelgium
_bImschoot : Flemish Community
_c[1991]
300 _a528 p.
_bil. (algunas a color)
_c30 cm.
500 _aCatálogo de la exposición realizada en el Royal Museum of Fine Arts of Antwerp, 1 febrero - 31 mayo, 1992
500 _aIncluye información sobre piezas de la Colección Franz Mayer: ´El Biombo de la conquista´ y la ´Alegoría de América´, p. 103
504 _aIncluye referencias bibliográficas
650 1 4 _aArte
_vExposiciones
_zAmérica Latina
_9637
651 4 _aEspaña
_vExposiciones
_xColonias
_zAmérica
_9638
942 _2lcc
_cB
999 _c144
_d144